| 000 | 00691nam a2200193 i 4500 | ||
|---|---|---|---|
| 001 | 114928 | ||
| 003 | ES-MaACL | ||
| 007 | t| | ||
| 008 | 070212s1956 sp ||||1| spa d | ||
| 080 | _a519.612 | ||
| 100 | 1 |
_aRodeja, E. G. _998108 |
|
| 245 | 1 | 0 |
_aInvestigaciones sobre un grupo de métodos de resolución numérica de ecuaciones algebraicas / _cE.G. Rodeja. |
| 260 |
_aMadrid : _bConsejo Superior de Investigaciones Científicas, _c1956. |
||
| 300 |
_a141 p. ; _c24 cm. |
||
| 490 | 1 |
_aMemorias de matemáticas del Instituto "Jorge Juan" ; _v17 |
|
| 830 | 0 | 0 |
_aMemorias de matemáticas del Instituto "Jorge Juan" _v17 _9185834 |
| 852 |
_aES-MaACL _jE-4517 |
||
| 999 |
_c114928 _d114928 |
||